Možnosti rozvoja VÚC Košice, forma spolupráce s talianskym regiónom Emilia - Romagna
Možnosti spolupráce medzi Košickým samosprávnym krajom (KSK) a regiónom Emilia - Romagna z ekonomického hľadiska. Ekonomická situácia a trh práce v regióne Emilia - Romagna. Stručná charakteristika firmy EDAS, a. s. . Možnosti rozvoja spolupráce medzi (KSK) a regiónom Emilia - Romagna prostredníctvo...
Saved in:
| Main Author: | |
|---|---|
| Format: | Book Chapter |
| Language: | Slovak |
| Subjects: | |
| Tags: |
No Tags, Be the first to tag this record!
|
MARC
| LEADER | 00000naa$a2200000$$$4500 | ||
|---|---|---|---|
| 001 | 0015154 | ||
| 005 | 20240502071401.3 | ||
| 041 | 0 | |a slo | |
| 044 | |a SK | ||
| 245 | 1 | 0 | |a Možnosti rozvoja VÚC Košice, forma spolupráce s talianskym regiónom Emilia - Romagna |c Rozália Pétrová |
| 520 | |a Možnosti spolupráce medzi Košickým samosprávnym krajom (KSK) a regiónom Emilia - Romagna z ekonomického hľadiska. Ekonomická situácia a trh práce v regióne Emilia - Romagna. Stručná charakteristika firmy EDAS, a. s. . Možnosti rozvoja spolupráce medzi (KSK) a regiónom Emilia - Romagna prostredníctvom firmy EDAS. Prehľad ďalších možností rozvoja spolupráce medzi danými regiónmi. | ||
| 610 | 2 | 0 | |a spolupráca hospodárska medzinárodná |
| 610 | 2 | 0 | |a regióny |
| 610 | 2 | 0 | |a situácia hospodárska |
| 610 | 2 | 0 | |a rozvoj regionálny |
| 610 | 2 | 0 | |a rozvoj investičný |
| 610 | 2 | 0 | |a podnikanie |
| 610 | 2 | 0 | |a podpora podnikania |
| 610 | 2 | 0 | |a podnikatelia |
| 610 | 2 | 0 | |a podnik |
| 610 | 2 | 0 | |a Slovensko |
| 610 | 2 | 0 | |a Taliansko |
| 100 | 1 | |a Pétrová, Rozália | |